| 000 | 00807nam a22002777a 4500 | ||
|---|---|---|---|
| 008 | 130827b xxu||||| |||| 00| 0 eng d | ||
| 020 | _a0-13-835331-x | ||
| 024 | _cAvailable | ||
| 037 | _cAvailable | ||
| 040 |
_aMBSTU LIBRARY _dMBSTU LIBRARY |
||
| 082 |
_222 _a363.7 NEE |
||
| 100 | _aNebel, Bernard J. | ||
| 110 | _aRichard T Wright. | ||
| 245 | _aEnvironmental science. | ||
| 250 | _a6th | ||
| 260 |
_aNew Jersey. _bPrentice Hall _c1998 |
||
| 300 |
_a28 cm. _b698 page _f1 _g28 cm. |
||
| 600 | _2Environmental problems. | ||
| 650 | _2Environmental problems. | ||
| 700 | _aNebel, Bernard J. | ||
| 710 | _aRichard T Wright. | ||
| 270 |
_aNew Jersey _bNew Jersey. _dUSA |
||
| 365 |
_b695.00 _d695.00 |
||
| 942 |
_2ddc _cBK |
||
| 999 |
_c637 _d637 |
||